| 000 | 00452nam a2200169Ia 4500 | ||
|---|---|---|---|
| 003 | GCL | ||
| 008 | 140319s9999 xx 000 0 eng d | ||
| 040 |
_aGCL / _cGCL |
||
| 082 | 0 | 4 |
_a616.120.7 _bH E |
| 100 | 1 | _aHAMPTON, JOHN R. | |
| 245 | 1 | 0 |
_aTHE ECG IN PRACTICE, 2ND ED / _cHAMPTON, JOHN R. |
| 260 |
_a[S.N] : _bCHURCHILL LIVINGSTONE ، _c1992 |
||
| 300 | _a332\P | ||
| 650 | 0 | 4 | _aHEART DISEASES |
| 650 | 0 | 4 | _aELECTROCARDIOGRAPHY |
| 942 |
_2ddc _cBK |
||
| 999 |
_c20967 _d20967 |
||